书目信息 |
| 题名: |
中国刑法论
|
|
| 作者: | 杨春洗 , 杨敦先 主编 | |
| 分册: | ||
| 出版信息: | 北京 北京大学出版社 2001 |
|
| 页数: | 570页 | |
| 开本: | 26cm | |
| 丛书名: | 21世纪法学系列教材 | |
| 单 册: | ||
| 中图分类: | D924.01 | |
| 科图分类: | ||
| 主题词: | 刑法--中国--法的理论 | |
| 电子资源: | ||
| ISBN: | 7-301-03832-1 | |
| 000 | 00710nam2 2200241 45 | |
| 001 | 0211181409 | |
| 005 | 20041213111149.1 | |
| 010 | @a7-301-03832-1@dCNY45.00 | |
| 100 | @a20021118d2001 km y0chiy0120 ea | |
| 101 | 0 | @achi |
| 105 | @a j 000yy | |
| 200 | 1 | @a中国刑法论@AZhong Guo Xing Fa Lun@f杨春洗,杨敦先主编@FYang Chun Xi,Yang Dun Xian Zhu Bian |
| 205 | @a2版 | |
| 210 | @a北京@c北京大学出版社@d2001 | |
| 215 | @a570页@d26cm | |
| 225 | @a21世纪法学系列教材@i基础课系列 | |
| 410 | @12001 @a21世纪法学系列教材 | |
| 606 | 0 | @a刑法@x中国@x法的理论 |
| 690 | @aD924.01@v4 | |
| 701 | 0 | @a杨春洗@4主编 |
| 701 | 0 | @a杨敦先@4主编 |
| 801 | @aCN@bTSTC@c20021118 | |
| 905 | @b317612-616@dD924.01@e170=2@f5 | |
| 中国刑法论/杨春洗,杨敦先主编.-2版.-北京:北京大学出版社,2001 |
| 570页;26cm.-(21世纪法学系列教材.基础课系列) |
| ISBN 7-301-03832-1:CNY45.00 |
| ● |
| 相关链接 |
|
|
|
|
正题名:中国刑法论
索取号:D924.01/170=2
 
预约/预借
| 序号 | 登录号 | 条形码 | 馆藏地/架位号 | 状态 | 备注 |
| 1 | 0317612 | 203176124 | 第一借阅区/ [索取号:D924.01/170=2] | 在馆 | |
| 2 | 0317613 | 203176133 | 第一借阅区/ [索取号:D924.01/170=2] | 在馆 | |
| 3 | 0317614 | 203176142 | 第一借阅区/ [索取号:D924.01/170=2] | 在馆 | |
| 4 | 0317615 | 203176151 | 第一借阅区/ [索取号:D924.01/170=2] | 在馆 | |
| 5 | 0317616 | 203176160 | 第一样本阅览室/ [索取号:D924.01/170=2] | 在馆 |